La guerra que no hemos visto : un proyecto de memoria histórica = (Registro nro. 30949)
[ vista simple ]
| 000 -CABECERA | |
|---|---|
| campo de control de longitud fija | 01394nam a2200277 a 4500 |
| 008 - CÓDIGOS DE INFORMACIÓN DE LONGITUD FIJA | |
| fixed length control field | 111014s2009 ck a gr 00010 spa d |
| 020 ## - NÚMERO INTERNACIONAL NORMALIZADO PARA LIBROS | |
| ISBN | 9789589349205 |
| 035 ## - SYSTEM CONTROL NUMBER | |
| System control number | CO-JMCR |
| 040 ## - Fuente de catalogación | |
| Agencia original de catalogación | CO-JMCR |
| Lenguaje de catalogación | spa |
| Agencia de transcripción | CO-JMCR |
| Agencia de modificación | CO-JMCR |
| Convenciones de descripción | rda |
| 041 1# - CÓDIGO DE LENGUA | |
| Código idioma | spa |
| -- | eng |
| 082 04 - NÚMERO DE LA CLASIFICACIÓN DECIMAL DEWEY | |
| Número de clasificación Decimal | 759.986 |
| Número de documento (Cutter) | M98g |
| 110 1# - NOMBRE CORPORATIVO | |
| Nombre de entidad corporativa | Museo de Arte Moderno (Bogotá, Colombia) |
| 9 (RLIN) | 44076 |
| 245 13 - TÍTULO PROPIAMENTE DICHO | |
| Título | La guerra que no hemos visto : un proyecto de memoria histórica = |
| Parte restante del título | The war we have not seen : a historical memory project / |
| Mención de responsabilidad, etc. | Museo de Arte Moderno de Bogotá ; proyecto de Juan Manuel Echavarría ; introducción Ana Tiscornia ; fotógrafos Fernando Juan Carlos Rondón, Fernando Grisalez ; traducciones Leslie Carmichael ... [et al.]. |
| 260 ## - PUBLICACIÓN, DISTRIBUCIÓN, ETC. (PIE DE IMPRENTA) | |
| Lugar de publicación, distribución, etc. | Bogotá : |
| Nombre del editor, distribuidor, etc. | Museo de Arte Moderno de Bogotá, |
| Fecha de publicación, distribución, etc. | 2009. |
| 300 ## - DESCRIPCIÓN FÍSICA | |
| Extensión | 282 páginas : |
| Otros detalles físicos | ilustraciones ; |
| Dimensiones | 30 cm. |
| 546 ## - LANGUAGE NOTE | |
| Language note | Texto bilingue en español e inglés. |
| 610 14 - TEMA - ENTIDAD | |
| Form subdivision | Exposiciones |
| -- | Catálogos. |
| 9 (RLIN) | 44077 |
| 650 14 - TÉRMINO DE MATERIA | |
| Subdivisión de forma | Exposiciones |
| -- | Catálogos. |
| 9 (RLIN) | 44078 |
| 650 24 - TÉRMINO DE MATERIA | |
| Subdivisión de forma | Exposiciones |
| -- | Catálogos. |
| 9 (RLIN) | 44079 |
| 700 1# - AUTOR SECUNDARIO - PERSONA | |
| Nombre de persona | Echavarría, Juan Manuel. |
| 9 (RLIN) | 44080 |
| 700 1# - AUTOR SECUNDARIO - PERSONA | |
| Nombre de persona | Tiscornia, Ana. |
| 9 (RLIN) | 44081 |
| 700 1# - AUTOR SECUNDARIO - PERSONA | |
| Nombre de persona | Rondón, Juan Carlos, |
| 9 (RLIN) | 44082 |
| 700 1# - AUTOR SECUNDARIO - PERSONA | |
| Nombre de persona | Carmichael, Leslie, |
| 9 (RLIN) | 44083 |
| 700 1# - AUTOR SECUNDARIO - PERSONA | |
| Nombre de persona | Grisalez, Fernando. |
| 9 (RLIN) | 44084 |
| Withdrawn status | Lost status | Source of classification or shelving scheme | Damaged status | Not for loan | Collection code | Home library | Current library | Shelving location | Date acquired | Total Checkouts | Full call number | Barcode | Date last seen | Copy number | Price effective from | Koha item type |
|---|---|---|---|---|---|---|---|---|---|---|---|---|---|---|---|---|
| Dewey Decimal Classification | Non-fiction | Biblioteca Pública José María del Castillo y Rada | Biblioteca Pública José María del Castillo y Rada | General Stacks | 04/15/2024 | 759.986 M98g | 201812374 | 02/13/2025 | Ej.1 | 02/13/2025 | Books |